|
|
|
|
| LEADER |
00000nam0a2200000 4500 |
| 001 |
35454 |
| 005 |
20231030233813.0 |
| 010 |
|
|
|a 5247004329
|
| 035 |
|
|
|a (RuTPU)RU\TPU\book\35886
|
| 035 |
|
|
|a BOOK00002538
|
| 090 |
|
|
|a 35454
|
| 100 |
|
|
|a 20011210d1989 u y0rusy50 ca
|
| 101 |
0 |
|
|a rus
|
| 102 |
|
|
|a RU
|
| 105 |
|
|
|a 000|y
|
| 200 |
1 |
|
|a Геокриология СССР
|e Западная Сибирь
|f Под ред. Э. Д. Ершова
|
| 210 |
|
|
|a Москва
|c Недра
|d 1989
|
| 215 |
|
|
|a 454 с.
|
| 610 |
1 |
|
|a геология
|
| 610 |
1 |
|
|a геокриология
|
| 610 |
1 |
|
|a Западная Сибирь
|
| 610 |
1 |
|
|a развитие
|
| 610 |
1 |
|
|a мерзлые породы
|
| 610 |
1 |
|
|a формирование
|
| 610 |
1 |
|
|a геокриологические условия
|
| 675 |
|
|
|a 551.345(571)
|v 3
|
| 702 |
|
1 |
|a Ершов
|g Эдуард Дмитриевич
|
| 801 |
|
0 |
|a RU
|b 63413507
|c 20011210
|g PSBO
|
| 801 |
|
2 |
|a RU
|b 63413507
|c 20061113
|g PSBO
|
| 900 |
|
|
|a Мерзлотоведение
|
| 942 |
|
|
|c BK
|